Why nations fail, the origins of power, prosperity and poverty (Record no. 566542)
[ view plain ]
| 000 -LEADER | |
|---|---|
| fixed length control field | 01238cam a2200337 a 4500 |
| 001 - CONTROL NUMBER | |
| control field | 16808094 |
| 003 - CONTROL NUMBER IDENTIFIER | |
| control field | CEME |
| 005 - DATE AND TIME OF LATEST TRANSACTION | |
| control field | 20210628201604.0 |
| 008 - FIXED-LENGTH DATA ELEMENTS--GENERAL INFORMATION | |
| fixed length control field | 110603s2012 nyuab b 001 0 eng |
| 010 ## - LIBRARY OF CONGRESS CONTROL NUMBER | |
| LC control number | 2011023538 |
| 040 ## - CATALOGING SOURCE | |
| Original cataloging agency | DLC |
| Transcribing agency | DLC |
| Modifying agency | DLC |
| 042 ## - AUTHENTICATION CODE | |
| Authentication code | pcc |
| 043 ## - GEOGRAPHIC AREA CODE | |
| Geographic area code | d------ |
| 050 00 - LIBRARY OF CONGRESS CALL NUMBER | |
| Classification number | HB74.P65 |
| Item number | A28 2012 |
| 082 00 - DEWEY DECIMAL CLASSIFICATION NUMBER | |
| Classification number | 330 |
| Edition number | 23 |
| 100 1# - MAIN ENTRY--PERSONAL NAME | |
| Personal name | Acemoglu, Daron, Robinson, James A |
| 9 (RLIN) | 55953 |
| 245 10 - TITLE STATEMENT | |
| Title | Why nations fail, the origins of power, prosperity and poverty |
| Remainder of title | the origins of power, prosperity and poverty / |
| Statement of responsibility, etc. | Daron Acemoglu and James A. Robinson. |
| 250 ## - EDITION STATEMENT | |
| Edition statement | 1st ed. |
| 260 ## - PUBLICATION, DISTRIBUTION, ETC. | |
| Place of publication, distribution, etc. | LAHORE |
| Name of publisher, distributor, etc. | SERVICES BOOK CLUB |
| Date of publication, distribution, etc. | c2012. |
| 300 ## - PHYSICAL DESCRIPTION | |
| Extent | 529 p. : |
| Other physical details | ill., map ; |
| Dimensions | 25 cm. |
| 504 ## - BIBLIOGRAPHY, ETC. NOTE | |
| Bibliography, etc. note | Includes bibliographical references (p. [465]-509) and index. |
| 650 #0 - SUBJECT ADDED ENTRY--TOPICAL TERM | |
| Topical term or geographic name entry element | Economics |
| General subdivision | Political aspects. |
| 9 (RLIN) | 7334 |
| 650 #0 - SUBJECT ADDED ENTRY--TOPICAL TERM | |
| Topical term or geographic name entry element | Economic history |
| General subdivision | Political aspects. |
| 9 (RLIN) | 7335 |
| 650 #0 - SUBJECT ADDED ENTRY--TOPICAL TERM | |
| Topical term or geographic name entry element | Poverty |
| Geographic subdivision | Developing countries. |
| 9 (RLIN) | 7336 |
| 650 #0 - SUBJECT ADDED ENTRY--TOPICAL TERM | |
| Topical term or geographic name entry element | Economic development |
| Geographic subdivision | Developing countries. |
| 9 (RLIN) | 7337 |
| 650 #0 - SUBJECT ADDED ENTRY--TOPICAL TERM | |
| Topical term or geographic name entry element | Revolutions |
| General subdivision | Economic aspects. |
| 9 (RLIN) | 7338 |
| 651 #0 - SUBJECT ADDED ENTRY--GEOGRAPHIC NAME | |
| Geographic name | Developing countries |
| General subdivision | Economic policy. |
| 9 (RLIN) | 7332 |
| 651 #0 - SUBJECT ADDED ENTRY--GEOGRAPHIC NAME | |
| Geographic name | Developing countries |
| General subdivision | Social policy. |
| 9 (RLIN) | 7339 |
| 700 1# - ADDED ENTRY--PERSONAL NAME | |
| Personal name | Robinson, James A., |
| Dates associated with a name | 1960- |
| 9 (RLIN) | 7340 |
| 942 ## - ADDED ENTRY ELEMENTS (KOHA) | |
| Source of classification or shelving scheme | |
| Koha item type | Book |
| Withdrawn status | Lost status | Source of classification or shelving scheme | Damaged status | Not for loan | Permanent Location | Current Location | Shelving location | Date acquired | Total Checkouts | Full call number | Barcode | Date last seen | Price effective from | Koha item type | Date last checked out |
|---|---|---|---|---|---|---|---|---|---|---|---|---|---|---|---|
| College of Electrical & Mechanical Engineering (CEME) | College of Electrical & Mechanical Engineering (CEME) | General Stacks | 03/13/2017 | 330 ACE | CEME-47559 | 06/28/2021 | 06/28/2021 | Book | |||||||
| College of Electrical & Mechanical Engineering (CEME) | College of Electrical & Mechanical Engineering (CEME) | General Stacks | 03/13/2017 | 1 | 330 ACE | CEME-47560 | 01/27/2026 | 06/28/2021 | Book | 12/22/2022 | |||||
| College of Electrical & Mechanical Engineering (CEME) | College of Electrical & Mechanical Engineering (CEME) | General Stacks | 08/02/2017 | 330 | CEME-47185 | 06/28/2021 | 06/28/2021 | Book |
